The Old Testament; (Record no. 7168)
[ view plain ]
| 000 -LEADER | |
|---|---|
| fixed length control field | 00517cim a2200181 a 4500 |
| 001 - CONTROL NUMBER | |
| control field | 5666743 |
| 005 - DATE AND TIME OF LATEST TRANSACTION | |
| control field | 20250725123634.0 |
| 007 - PHYSICAL DESCRIPTION FIXED FIELD--GENERAL INFORMATION | |
| fixed length control field | ssulunjlcnnnu |
| 008 - FIXED-LENGTH DATA ELEMENTS--GENERAL INFORMATION | |
| fixed length control field | 920110s1980 nbunnn z eng |
| 050 10 - LIBRARY OF CONGRESS CALL NUMBER | |
| Classification number | BS885 1980 |
| 050 00 - LIBRARY OF CONGRESS CALL NUMBER | |
| Classification number | RZA 0963-0966 |
| 245 14 - TITLE STATEMENT | |
| Title | The Old Testament; |
| Medium | Historical books |
| 260 ## - PUBLICATION, DISTRIBUTION, ETC. | |
| Place of publication, distribution, etc. | Cozad, NE : |
| Name of publisher, distributor, etc. | Master Productions, |
| Date of publication, distribution, etc. | p1980. |
| 300 ## - PHYSICAL DESCRIPTION | |
| Extent | 48 sound cassettes : |
| Other physical details | analog. |
| 500 ## - GENERAL NOTE | |
| General note | Title from narration: The Holy Bible. |
| 500 ## - GENERAL NOTE | |
| General note | In 4 containers (24 cm.). |
| 942 ## - ADDED ENTRY ELEMENTS (KOHA) | |
| Source of classification or shelving scheme | Library of Congress Classification |
| Koha item type | Books |
| Suppress in OPAC | No |
| 999 ## - | |
| -- | 7168 |
| -- | 7168 |
| Withdrawn status | Lost status | Source of classification or shelving scheme | Damaged status | Not for loan | Collection | Home library | Current library | Shelving location | Date acquired | Total checkouts | Full call number | Barcode | Date last seen | Copy number | Price effective from | Koha item type |
|---|---|---|---|---|---|---|---|---|---|---|---|---|---|---|---|---|
| Library of Congress Classification | Reference | Undergraduate Library (Christ Temple) | Undergraduate Library (Christ Temple) | General stacks | 07/25/2025 | REF BS535 BAT | ulct00004165 | 07/25/2025 | 1 | 07/25/2025 | Books |